Annual review of microbiolgy (Record no. 54822)
[ view plain ]
| 000 -LEADER | |
|---|---|
| fixed length control field | 00817nam a22001457a 4500 |
| 008 - FIXED-LENGTH DATA ELEMENTS--GENERAL INFORMATION | |
| fixed length control field | 230721b |||||||| |||| 00| 0 eng d |
| 040 ## - CATALOGING SOURCE | |
| Original cataloging agency | National Science Library |
| Transcribing agency | National Science Library |
| 080 ## - UNIVERSAL DECIMAL CLASSIFICATION NUMBER | |
| Universal Decimal Classification number | 576.8(05) |
| 245 ## - TITLE STATEMENT | |
| Title | Annual review of microbiolgy |
| 260 ## - PUBLICATION, DISTRIBUTION, ETC. | |
| Place of publication, distribution, etc. | Palo Alto: |
| Name of publisher, distributor, etc. | Annual Review Inc, |
| Date of publication, distribution, etc. | 1983 |
| 500 ## - GENERAL NOTE | |
| General note | Vol. 24 (Annual review of microbiolgy) ix, 624p.<br/>Vol. 33 (Annual review of microbiolgy) , 701p.<br/>Vol. 20 (Annual review of microbiolgy) vii, 557p.<br/>Vol. 37 (Annual review of microbiolgy) viii, 676p.<br/>Vol. 38 (Annual review of microbiolgy) x, 613p.<br/>Vol. 18 (Annual review of microbiolgy) vii, 394p.<br/>Vol. 22 (Annual review of microbiolgy) vii, 596p.<br/>Vol. 40 (Annual review of microbiolgy) x, 712p.<br/><br/> |
| 650 ## - SUBJECT ADDED ENTRY--TOPICAL TERM | |
| Topical term or geographic name entry element | Biological |
| 700 ## - ADDED ENTRY--PERSONAL NAME | |
| Personal name | Ornston, L Nicholas (Ed.) |
| 942 ## - ADDED ENTRY ELEMENTS (KOHA) | |
| Koha item type | Books |
| Source of classification or shelving scheme | Universal Decimal Classification |
| Withdrawn status | Lost status | Source of classification or shelving scheme | Damaged status | Not for loan | Home library | Current library | Shelving location | Date acquired | Serial Enumeration / chronology | Total Checkouts | Full call number | Barcode | Date last seen | Price effective from | Koha item type |
|---|---|---|---|---|---|---|---|---|---|---|---|---|---|---|---|
| Universal Decimal Classification | National Science Library | National Science Library | FF/Rk-47/C-1/R-2 | 27/02/1984 | Vol. 37 (Annual review of microbiolgy) viii, 676p. | 576.8(05) | 107247 | 24/07/2023 | 27/02/1984 | Books |